Statistics for Duke Basketball 2017-2018

Click here to take the quiz!

General Stats

  • This quiz has been taken 138 times
  • The average score is 8 of 15

Answer Stats

HintAnswer% Correct
3grayson allen
84%
1trevon duval
80%
35marvin bagley
78%
34wendell carter
72%
2gary trent jr
66%
15alex o'connell
52%
41jack white
50%
20marques bolden
46%
14jordan goldwire
43%
12javin delaurier
42%
50justin robinson
36%
53brennan besser
34%
30antonio vrankovic
32%
51mike buckmire
32%
5jordan tucker
26%

Score Distribution

Percentile by Number Answered

Percent of People with Each Score

Your Score History

You have not taken this quiz